Manual de seguridad /
Guardado en:
| Autor Principal: | |
|---|---|
| Otros Autores: | , |
| Formato: | Libro |
| Idioma: | Spanish |
| Publicado: |
[Bahía Blanca] :
Planta Piloto de Ingeniería Química (PLAPIQUI),
1987.
|
| Materias: | |
| Etiquetas: |
Agregar Etiqueta
Sin Etiquetas, Sea el primero en etiquetar este registro!
|
| LEADER | 00692nam a22001815a 4500 | ||
|---|---|---|---|
| 001 | EIQ.libpla001831 | ||
| 008 | 070215s1987####ag#a##########000#0#spa#d | ||
| 005 | 20160421151841.0 | ||
| 245 | 1 | 0 | |a Manual de seguridad / |c elaborado por P. Bodnariuk, M. Schmidt, G. Sisul. |
| 260 | |a [Bahía Blanca] : |b Planta Piloto de Ingeniería Química (PLAPIQUI), |c 1987. | ||
| 300 | |a 1v. (en varias paginaciones) : |b il. ; |c 28 cm. | ||
| 100 | 1 | |a Bodnariuk, P. |q (Pedro) | |
| 700 | 1 | |a Schmidt, M. |q (Miguel José) | |
| 700 | 1 | |a Sisul, G. |q (Guillermo), |d 1950- | |
| 650 | 4 | |a Laboratorio |x Seguridad. | |
| 650 | 4 | |a Laboratory |x Safety. | |
| 040 | |a AR-BbSID |b spa |c AR-BbSID | ||
| 859 | |a AR-BbSID |b BIB. PLAPIQUI |h 660.280 4 |i B 63 |k R |p 3572 | ||
